|
|
|
|
| LEADER |
00000nam0a2200000 4500 |
| 001 |
302074 |
| 005 |
20231102001451.0 |
| 020 |
|
|
|a RU
|b 83-9372
|
| 035 |
|
|
|a (RuTPU)RU\TPU\book\327269
|
| 090 |
|
|
|a 302074
|
| 100 |
|
|
|a 20150819d1982 km y0rusy5003 ca
|
| 101 |
0 |
|
|a rus
|
| 102 |
|
|
|a UA
|
| 105 |
|
|
|a a z 001zy
|
| 200 |
1 |
|
|a Метод Хартри-Фока в теории ядра
|f Ю. Л. Болотин [и др.]
|g Харьковский физико-технический институт (ХФТИ) ; под ред. А. И. Ахиезера
|
| 210 |
|
|
|a Киев
|c Наукова думка
|d 1982
|
| 215 |
|
|
|a 208 с.
|c ил.
|
| 320 |
|
|
|a Библиогр.: с. 202-206
|
| 606 |
1 |
|
|a Квантовая теория многих тел
|2 stltpush
|3 (RuTPU)RU\TPU\subj\14221
|9 40677
|
| 610 |
1 |
|
|a ядро
|
| 610 |
1 |
|
|a теория
|
| 610 |
1 |
|
|a метод Хартри-Фока
|
| 610 |
1 |
|
|a приближение Хартри-Фока
|
| 610 |
1 |
|
|a многочастичные системы
|
| 610 |
1 |
|
|a расчеты
|
| 610 |
1 |
|
|a свойства
|
| 610 |
1 |
|
|a адиабатическая теория
|
| 675 |
|
|
|a 530.145.6
|z rus
|v 3
|
| 701 |
|
1 |
|a Болотин
|b Ю. Л.
|
| 701 |
|
1 |
|a Барц
|b Б. И.
|
| 701 |
|
1 |
|a Инопин
|b Е. В.
|
| 701 |
|
1 |
|a Гончар
|b В. Ю.
|
| 702 |
|
1 |
|a Ахиезер
|b А. И.
|g Александр Ильич
|4 340
|
| 712 |
0 |
2 |
|a Харьковский физико-технический институт (ХФТИ)
|2 stltpush
|3 (RuTPU)RU\TPU\col\15627
|
| 801 |
|
0 |
|a RU
|b RuMRKP
|c 19950704
|g psbo
|
| 801 |
|
1 |
|a RU
|b 63413507
|c 20150819
|
| 801 |
|
2 |
|a RU
|b 63413507
|c 20190626
|g RCR
|
| 942 |
|
|
|c BK
|